Name Origins of U.S. State Capitals - Statistics

General Stats
  • This quiz has been taken 261 times
  • The average score is 24 of 50
Answer Stats
Origin Capital % Correct
French, meaning "red stick" Baton Rouge
92%
Hawaiian, meaning "sheltered harbor" or "calm port" Honolulu
90%
Mythical beast reborn from the ashes Phoenix
87%
Fourth president Madison
81%
Abbreviation of "Atlantica-Pacifica" Atlanta
80%
Third president Jefferson City
78%
Spanish, meaning "holy faith" Santa Fe
77%
Iron Chancellor of Germany Bismarck
76%
Largest salt water lake in the Western Hemisphere Salt Lake City
76%
Italian explorer and colonizer (ends in s) Columbus
75%
Sixteenth president Lincoln
74%
City in southern France Montpelier
74%
French, meaning "monks" Des Moines
73%
One of Jesus' apostles St. Paul
73%
Coastal town in southeastern England Dover
71%
Name of the state combined with the Greek word for city Indianapolis
70%
English, meaning "God's protective care" Providence
70%
Italian explorer and colonizer (ends in a) Columbia
67%
Hebrew, meaning "peace" Salem
63%
English, meaning "harmony" Concord
59%
Frontiersman and dime novel subject Carson City
50%
General who won the Battle of New Orleans Jackson
50%
Rock formation along the river that runs through the city Little Rock
47%
St. Louis fur trader of French descent Pierre
47%
Queen of Great Britain Annapolis
46%
Great Plains American Indian tribe Cheyenne
46%
English writer, poet, soldier, politician, courtier, spy, and explorer Raleigh
43%
Kansa-Osage, meaning "good place to dig potatoes" Topeka
42%
French, meaning "woods" or "wooded" Boise
38%
Choctaw, meaning "red people" Oklahoma City
38%
Reference to the Catholic Eucharist Sacramento
37%
City in western Massachusetts Springfield
37%
Canadian miner and gold prospector Juneau
34%
Port town in eastern England Boston
29%
Nearby mountain range Olympia
29%
Former governor of the Kansas Territory Denver
26%
Daughter of U.S. Secretary of War Henry Dearborn Augusta
25%
Muskogean, meaning "old fields" or "old town" Tallahassee
24%
Secretary of State for the state before it was a state Austin
23%
English town that is now a southwestern suburb of London Richmond
21%
Duke who would become King of England, Scotland, and Ireland Albany
20%
English trader and city founder Harrisburg
20%
English town a little ways north of London Hartford
19%
Revolutionary war general who led the failed invasion of Canada Montgomery
19%
Father of the colonel who built the first permanent settlement Charleston
13%
Pioneer who was killed in the area Frankfort
13%
Either a township in Minnesota or a town in Arkansas Helena
12%
Town in central New York Lansing
12%
Revolutionary war general killed in the Battle of Germantown Nashville
10%
Prominent merchant and landowner in the area Trenton
9%
No matching quizzes found
Score Distribution
Percent of People with Each Score
Percentile by Number Answered
Your Score History
You have not taken this quiz